000
00271nam a2200109Ia 4500
008
240731s9999 xx 000 0 und d
245
4
_a
The Pedagogical Seminary
260
_b
Routledge
856
_u
https://www.tandfonline.com/loi/vzps20
942
_2
ddc
942
_c
TFEJ
999
_c
80051
_d
80051
945
_a
1
_b
Madushi Gamage
_c
1
_d
Madushi Gamage